[Event "III Miedzynarodowy Memorial Ireny Warakomskiej - Open B"]
[Site "Suwalki"]
[Date "2019.08.12"]
[Round "5.30"]
[White "Flis, Pawel"]
[Black "Cwiek, Ryszard "]
[Result "1/2-1/2"]
[WhiteTitle ""]
[BlackTitle ""]
[WhiteElo "1925"]
[BlackElo "1800"]

1. e4 d6 2. d4 Nf6 3. Nc3 g6 4. Be3 Bg7 5. Qd2 O-O 6. Nf3 c6 7. Bd3 b5 8. h3 Qc7
9. O-O Nbd7 10. a4 b4 11. Ne2 c5 12. Ng3 Bb7 13. c4 cxd4 14. Nxd4 Nc5 15. f3 e5
16. Nb5 Qc6 17. Bc2 a6 18. Qxd6 Ne6 19. Qxc6 Bxc6 20. Nd6 Nd7 21. c5 Ndxc5 22.
b3 Rad8 23. Bxc5 Nxc5 24. Rad1 Rd7 25. Nc4 Rfd8 26. Rxd7 Rxd7 27. Rd1 Rxd1+ 28.
Bxd1 Bd7 29. Nf1 Be6 30. Nfe3 f5 31. Bc2 fxe4 32. fxe4 Kf7 33. Kf2 Bxc4 34. Nxc4
Ke6 35. Ke2 Bf6 36. Na5 Kd6 37. Nc4+ Ke6 38. Ne3 a5 39. Bd3 Bg5 40. Bc4+ Kd6 41.
Bg8 Bxe3 42. Kxe3 h6 43. Bf7 Ke7 44. Bd5 1/2-1/2

[Event "III Miedzynarodowy Memorial Ireny Warakomskiej - Open B"]
[Site "Suwalki"]
[Date "2019.08.12"]
[Round "5.31"]
[White "Hasinski, Krystian "]
[Black "Kupsik, Joanna "]
[Result "1-0"]
[WhiteTitle ""]
[BlackTitle ""]
[WhiteElo "1902"]
[BlackElo "1708"]

1. c4 Nc6 2. Nc3 e5 3. g3 g6 4. Bg2 Bg7 5. d3 f5 6. Nf3 Nf6 7. O-O d6 8. Nd5 h6
9. Nxf6+ Qxf6 10. Rb1 a5 11. b3 O-O 12. a3 g5 13. b4 axb4 14. axb4 f4 15. b5 Ne7
16. gxf4 gxf4 17. Kh1 Kh8 18. Bb2 Ng6 19. Ra1 Rb8 20. Ra7 Rg8 21. Rg1 Nh4 22.
Nxh4 Qxh4 23. Bd5 Qxf2 24. Ra3 Rf8 25. d4 c6 26. Bf3 Bf5 27. dxe5 dxe5 28. Rxg7
Kxg7 29. Bxe5+ Kf7 30. Bxb8 Rxb8 31. Ra1 Qc5 32. Qc1 Qd6 33. c5 Qd4 34. bxc6 bxc6
35. Qg1 Qb2 36. Rd1 Qe5 37. Bh5+ Ke7 38. Bf3 Rb2 39. Qg8 Rb8 40. Qc4 Rb5 41. Rc1
Be6 42. Qc2 Bf5 43. Qc3 Qxc3 44. Rxc3 Bh3 45. Rc1 Kd7 46. Kg1 Rb4 47. Kf2 Be6
48. Rd1+ Kc7 49. Rd6 Bd7 50. Rxh6 Rc4 51. Rh5 Kd8 52. Re5 Kc7 53. h4 Rb4 54. h5
Rb8 55. Re7 Re8 56. Rxe8 Bxe8 57. h6 Bg6 58. Bg2 Kb7 59. Ke1 Bf5 60. Kd2 1-0

[Event "III Miedzynarodowy Memorial Ireny Warakomskiej - Open B"]
[Site "Suwalki"]
[Date "2019.08.12"]
[Round "5.32"]
[White "Szydlo, Michal "]
[Black "Skawinski, Szymon"]
[Result "1-0"]
[WhiteTitle ""]
[BlackTitle ""]
[WhiteElo "1865"]
[BlackElo "1676"]

1. e4 e5 2. Nf3 Nc6 3. Bb5 a6 4. Ba4 Nf6 5. O-O Be7 6. Re1 b5 7. Bb3 O-O 8. a4
b4 9. d3 d6 10. a5 Nb8 11. Nbd2 Nbd7 12. c3 bxc3 13. bxc3 Bb7 14. d4 Re8 15. Bxf7+
Kxf7 16. Qb3+ Bd5 17. exd5 exd4 18. cxd4 h6 19. Qc4 Kg8 20. Nf1 Bf8 21. Rxe8 Qxe8
22. Bd2 Qf7 23. Qxc7 Qxd5 24. Ne3 Qb5 25. Qc2 Qh5 26. h3 d5 27. Qc6 Ra7 28. Rb1
Kh7 29. Rb7 Rxb7 30. Qxb7 Qg6 31. Qxa6 Qb1+ 32. Qf1 Qb7 33. Qd3+ Kg8 34. Ne5 Ne4
35. a6 Qa7 36. Nxd5 Nxd2 37. Qxd2 Nxe5 38. dxe5 Qxa6 39. Qf4 Qc6 40. Qe4 Qe6 41.
Nf4 Qe8 42. Qd5+ Qf7 43. Qe4 Bc5 44. e6 Qf6 45. Nd3 Bd6 46. f4 g6 47. Qa8+ Kg7
48. Qb7+ Qe7 49. Qd5 h5 50. g3 Qf8 51. Kg2 Qe7 52. Nf2 Qc7 53. Qd4+ Kh7 54. Qe4
Kg7 55. Nd1 Be7 56. Qe5+ Qxe5 57. fxe5 Bc5 58. Kf3 Kf8 59. Ke4 Ke7 60. Kd5 Ba7
61. Nc3 Bf2 62. g4 hxg4 63. hxg4 Be1 64. Nb5 Bb4 65. Nd4 Ba3 66. Nc6+ Ke8 67.
e7 g5 68. Ke6 Bc5 69. Kf6 Be3 70. Nb4 Bd2 71. Nd5 1-0

[Event "III Miedzynarodowy Memorial Ireny Warakomskiej - Open B"]
[Site "Suwalki"]
[Date "2019.08.12"]
[Round "5.34"]
[White "Bebnik, Malgorzata "]
[Black "Koseski, Damian"]
[Result "1/2-1/2"]
[WhiteTitle ""]
[BlackTitle ""]
[WhiteElo "1737"]
[BlackElo "1846"]

1. d4 Nf6 2. c4 g6 3. Nc3 Bg7 4. e4 d6 5. h3 O-O 6. Nf3 e5 7. d5 a5 8. Bd3 Na6
9. a3 Nc5 10. Bc2 Ne8 11. g4 f5 12. Bg5 Bf6 13. Bh6 Bg7 14. Bg5 Bf6 15. Bh6 Bg7
16. Bg5 Bf6 1/2-1/2

[Event "III Miedzynarodowy Memorial Ireny Warakomskiej - Open B"]
[Site "Suwalki"]
[Date "2019.08.12"]
[Round "5.35"]
[White "Gardian, Adam"]
[Black "Hryharovich, Aliaksei"]
[Result "0-1"]
[WhiteTitle ""]
[BlackTitle ""]
[WhiteElo "1842"]
[BlackElo "1659"]

1. e4 c5 2. d4 cxd4 3. c3 Nf6 4. e5 Nd5 5. cxd4 Nc6 6. Nf3 d6 7. Bc4 Nb6 8. Bb3
d5 9. h3 Bf5 10. Nc3 e6 11. Bg5 Be7 12. Bxe7 Qxe7 13. O-O O-O 14. Rc1 a6 15. Re1
Rfc8 16. Re3 Na5 17. g4 Bg6 18. Qe1 Nac4 19. Nd2 Nxe3 20. Qxe3 h5 21. Qg3 hxg4
22. hxg4 Qb4 23. Qf4 Nc4 24. a3 Nxa3 25. bxa3 Qxa3 26. Nc4 Qxb3 27. Na5 Qb4 0-1

[Event "III Miedzynarodowy Memorial Ireny Warakomskiej - Open B"]
[Site "Suwalki"]
[Date "2019.08.12"]
[Round "5.36"]
[White "Dziewonski, Dariusz"]
[Black "Wolagiewicz, Kinga "]
[Result "1-0"]
[WhiteTitle ""]
[BlackTitle ""]
[WhiteElo "1838"]
[BlackElo "1650"]

1. e4 c6 2. d4 d5 3. Nc3 dxe4 4. Nxe4 Nf6 5. Nxf6+ exf6 6. c3 Bd6 7. Bd3 O-O 8.
Qc2 Re8+ 9. Ne2 h6 10. Be3 Nd7 11. O-O-O Qa5 12. Kb1 c5 13. dxc5 Bxc5 14. Nd4
Bxd4 15. Bxd4 Ne5 16. Bh7+ Kh8 17. Bf5 Nc6 18. Bxc8 Raxc8 19. g4 Qg5 20. Qf5 Qxf5+
21. gxf5 b6 22. Rd3 Rcd8 23. Rhd1 Rd5 24. Be3 Rxd3 25. Rxd3 Rd8 26. Rxd8+ Nxd8
27. Kc2 Kg8 28. Kd3 Kf8 29. c4 Nb7 30. Ke4 Ke7 31. Kd5 Kd7 32. c5 bxc5 33. Bxc5
Nxc5 34. Kxc5 g6 35. fxg6 fxg6 36. Kd5 g5 37. b4 f5 38. Ke5 f4 39. Kf5 Kc6 40.
Kg6 Kb5 41. Kxh6 g4 42. Kh5 g3 43. hxg3 fxg3 44. fxg3 Kxb4 45. g4 Ka3 46. g5 a5
47. g6 a4 48. g7 Kxa2 49. g8=Q+ Kb2 50. Qb8+ Ka2 51. Qb4 a3 52. Kh6 Ka1 53. Qxa3+
1-0

[Event "III Miedzynarodowy Memorial Ireny Warakomskiej - Open B"]
[Site "Suwalki"]
[Date "2019.08.12"]
[Round "5.37"]
[White "Kaminski, Maciej "]
[Black "Kuleba, Ivan "]
[Result "1-0"]
[WhiteTitle ""]
[BlackTitle ""]
[WhiteElo "1818"]
[BlackElo "1609"]

1. e4 c5 2. Nf3 a6 3. c3 d5 4. exd5 Qxd5 5. d4 Nf6 6. Be3 cxd4 7. Qxd4 Nc6 8. Qb6
e6 9. Nbd2 Be7 10. Bc4 Qa5 11. Nb3 Qxb6 12. Bxb6 O-O 13. O-O-O Nd7 14. Be3 b5
15. Be2 Rd8 16. Rd2 Bb7 17. Rhd1 Nce5 18. Bf4 Nxf3 19. Rxd7 1-0

[Event "III Miedzynarodowy Memorial Ireny Warakomskiej - Open B"]
[Site "Suwalki"]
[Date "2019.08.12"]
[Round "5.38"]
[White "Wiewiora, Michalina"]
[Black "Kasperczyk, Szymon "]
[Result "0-1"]
[WhiteTitle ""]
[BlackTitle ""]
[WhiteElo "1812"]
[BlackElo "1728"]

1. Nf3 Nf6 2. g3 e6 3. d4 c5 4. Bg2 d5 5. O-O Nc6 6. c3 Be7 7. Nbd2 O-O 8. Re1
cxd4 9. cxd4 Bb4 10. a3 Qa5 11. Rf1 Bd6 12. e3 Bd7 13. b4 Qb6 14. Rb1 Rfc8 15.
Re1 h6 16. Bf1 Ne7 17. Qb3 Ne4 18. Nxe4 dxe4 19. Nd2 Bc6 20. Bc4 Bd5 21. Bb2 Qd8
22. Rec1 Rxc4 23. Rxc4 b5 24. Qc2 bxc4 25. Nxe4 Bxe4 26. Qxe4 Rc8 27. Rc1 Nd5
28. Qc2 c3 29. Ba1 f5 30. e4 fxe4 31. Qxe4 Qf6 32. Qd3 Qf5 33. Qa6 Rf8 34. Rf1
c2 35. Bb2 Bc7 36. Qc4 Ne3 37. fxe3 Qe4 38. Rxf8+ Kxf8 39. Qc5+ Kg8 40. Kf2 Bb6
41. Qc3 h5 42. h3 Qf5+ 43. Kg2 Kh7 44. Qd2 Qe4+ 45. Kg1 Bc7 46. Qe2 Kh6 47. g4
hxg4 48. hxg4 Kg5 49. Kf2 Qh1 50. Qc4 Qh2+ 51. Kf1 Bg3 52. Qb5+ e5 0-1

[Event "III Miedzynarodowy Memorial Ireny Warakomskiej - Open B"]
[Site "Suwalki"]
[Date "2019.08.12"]
[Round "5.39"]
[White "Diachek, Alina "]
[Black "Olszewski, Jan "]
[Result "1/2-1/2"]
[WhiteTitle ""]
[BlackTitle ""]
[WhiteElo "1804"]
[BlackElo "1405"]

1. d4 d5 2. c4 e6 3. Nc3 Nf6 4. Nf3 c6 5. Bg5 Nbd7 6. e3 Qa5 7. Bxf6 Nxf6 8. Bd3
Bb4 9. Qc2 Bd7 10. O-O Bxc3 11. Qxc3 Qxc3 12. bxc3 Ke7 13. Ne5 Rhc8 14. Rab1 b6
15. a4 dxc4 16. Nxd7 Kxd7 17. Bxc4 Ne4 18. Ba6 Nd2 19. Rb2 Nxf1 20. Bxc8+ Rxc8
21. Kxf1 Kd6 22. Ke2 c5 23. Kd3 e5 24. dxe5+ Kxe5 25. f4+ Kd5 26. e4+ Kc6 27.
e5 Rd8+ 28. Kc4 Rd1 29. Re2 Ra1 30. Kb3 Rb1+ 31. Kc2 Ra1 32. Kb3 Rb1+ 33. Ka2
Rf1 34. g3 Kd7 35. Kb3 Rb1+ 36. Kc4 h6 37. a5 Kc6 38. axb6 axb6 39. e6 b5+ 40.
Kd3 fxe6 41. Rxe6+ Kd5 42. Rg6 Rd1+ 43. Kc2 Ra1 44. h4 Ra7 45. Kb3 Rb7 46. g4
b4 47. cxb4 Rxb4+ 48. Kc3 Rxf4 49. Rxg7 Rf6 50. g5 hxg5 51. Rxg5+ Ke4 52. h5 Rh6
53. Rxc5 Kf4 54. Kd3 Kg4 1/2-1/2

[Event "III Miedzynarodowy Memorial Ireny Warakomskiej - Open B"]
[Site "Suwalki"]
[Date "2019.08.12"]
[Round "5.40"]
[White "Pavlytchev, Mikhail"]
[Black "Wilk, Igor "]
[Result "1/2-1/2"]
[WhiteTitle ""]
[BlackTitle ""]
[WhiteElo "1790"]
[BlackElo "1600"]

1. e4 c6 2. Nf3 d5 3. Nc3 Nf6 4. e5 Ne4 5. Bd3 Nxc3 6. dxc3 Bg4 7. h3 Bxf3 8. Qxf3
e6 9. O-O Nd7 10. Re1 Qc7 11. Qg3 O-O-O 12. Bg5 f6 13. exf6 gxf6 14. Qxc7+ Kxc7
15. Be3 Bc5 16. Bxc5 Nxc5 17. b4 Nxd3 18. cxd3 e5 19. f4 Kd6 20. fxe5+ fxe5 21.
Rf1 Rhf8 22. Rxf8 Rxf8 23. Rf1 Rxf1+ 24. Kxf1 h5 25. g3 Ke6 26. Ke2 Kf5 27. Kf3
Kg5 28. a4 b5 29. axb5 cxb5 30. Ke3 Kf5 31. Kd2 Ke6 32. Kc2 Kf5 33. Kd2 Ke6 1/2-1/2

[Event "III Miedzynarodowy Memorial Ireny Warakomskiej - Open B"]
[Site "Suwalki"]
[Date "2019.08.12"]
[Round "5.41"]
[White "Maciejewski, Mikolaj "]
[Black "Jasinowicz, Waclaw "]
[Result "0-1"]
[WhiteTitle ""]
[BlackTitle ""]
[WhiteElo "1788"]
[BlackElo "1523"]

1. Nf3 Nc6 2. g3 e5 3. d3 Nf6 4. Bg2 d5 5. O-O Bc5 6. Nbd2 e4 7. dxe4 dxe4 8. Ng5
e3 9. fxe3 Bxe3+ 10. Kh1 Bxg5 0-1

[Event "III Miedzynarodowy Memorial Ireny Warakomskiej - Open B"]
[Site "Suwalki"]
[Date "2019.08.12"]
[Round "5.42"]
[White "Jagura, Norbert "]
[Black "Zalega, Maciej "]
[Result "1-0"]
[WhiteTitle ""]
[BlackTitle ""]
[WhiteElo "1786"]
[BlackElo "1429"]

1. e4 c5 2. Nf3 d6 3. Nc3 Nc6 4. h3 g6 5. Bc4 e6 6. O-O Bg7 7. d3 Nge7 8. Ne2 O-O
9. c3 Na5 10. Bg5 Nxc4 11. dxc4 f6 12. Be3 e5 13. Qd3 Qc7 14. Rad1 Rd8 15. Nh4
Be6 16. f4 Bf7 17. f5 g5 18. Nf3 h6 19. g4 h5 20. Qd2 Nc6 21. Nxg5 fxg5 22. Bxg5
Kh7 23. Bxd8 Rxd8 24. g5 Kh8 25. g6 Rd7 26. gxf7 Rxf7 27. Qd5 Rf8 28. Qe6 Nd8
29. Qg6 Nf7 30. f6 Bh6 31. Rd3 h4 32. Rf2 1-0

[Event "III Miedzynarodowy Memorial Ireny Warakomskiej - Open B"]
[Site "Suwalki"]
[Date "2019.08.12"]
[Round "5.43"]
[White "Warcaba, Jakub "]
[Black "Starosciak, Szymon "]
[Result "0-1"]
[WhiteTitle ""]
[BlackTitle ""]
[WhiteElo "1661"]
[BlackElo "1762"]

1. e4 c5 2. Nf3 Nc6 3. d4 cxd4 4. Nxd4 Nf6 5. Nc3 d6 6. Bg5 e6 7. Qd2 a6 8. O-O-O
Bd7 9. f4 b5 10. Bxf6 gxf6 11. Kb1 b4 12. Nce2 Qb6 13. Nxc6 Bxc6 14. f5 e5 15.
Ng3 h5 16. h4 Qc5 17. Qe2 Ke7 18. Nxh5 Bb5 19. Qg4 Bh6 20. Bd3 Rac8 21. Qe2 Qe3
22. Bxb5 axb5 23. Qxe3 Bxe3 24. Rd3 Bc5 25. Ng3 Rcg8 26. Rf3 Rg4 27. h5 d5 28.
exd5 Kd6 29. a3 bxa3 30. bxa3 Kxd5 31. Rd1+ Kc6 32. Rb3 e4 33. Ne2 Rxh5 34. Nd4+
Bxd4 35. Rxd4 Rxf5 36. Rc3+ Rc5 37. Rxc5+ Kxc5 38. Rd7 Rxg2 39. Kc1 e3 40. Rd3
Rg1+ 0-1

[Event "III Miedzynarodowy Memorial Ireny Warakomskiej - Open B"]
[Site "Suwalki"]
[Date "2019.08.12"]
[Round "5.44"]
[White "Borowik, Wojciech"]
[Black "Wasik, Mateusz "]
[Result "1-0"]
[WhiteTitle ""]
[BlackTitle ""]
[WhiteElo "1599"]
[BlackElo "1761"]

1. d4 d5 2. c4 e6 3. Nc3 c6 4. Nf3 dxc4 5. e3 b5 6. a4 Bb4 7. Be2 Nf6 8. O-O Bxc3
9. bxc3 O-O 10. Ba3 Re8 11. Ne5 Bb7 12. Rb1 a6 13. Bxc4 Qc7 14. Bd3 Nbd7 15. Nxd7
Nxd7 16. c4 e5 17. Qc2 Nf6 18. dxe5 Rxe5 19. Bf5 g6 20. Bh3 Rh5 21. Rfd1 c5 22.
Qe2 Rh4 23. f3 b4 24. Bb2 Qc6 25. Be5 Nh5 26. Bd7 Qb6 27. g3 f6 28. Bb2 Rd8 29.
gxh4 1-0

[Event "III Miedzynarodowy Memorial Ireny Warakomskiej - Open B"]
[Site "Suwalki"]
[Date "2019.08.12"]
[Round "5.45"]
[White "Burak, Vyacheslav"]
[Black "Kruczynski, Marek"]
[Result "0-1"]
[WhiteTitle ""]
[BlackTitle ""]
[WhiteElo "1509"]
[BlackElo "1723"]

1. e4 Nc6 2. Nf3 d6 3. Bc4 Nf6 4. Nc3 Bg4 5. h3 Bh5 6. O-O e5 7. Be2 Bxf3 8. Bxf3
Nd4 9. Nd5 Nxd5 10. exd5 f5 11. c3 Nxf3+ 12. Qxf3 Qf6 13. d4 Be7 14. dxe5 dxe5
15. Qh5+ g6 16. Qe2 O-O-O 17. c4 f4 18. Re1 Bd6 19. c5 Bxc5 20. Qxe5 Qxe5 21.
Rxe5 Rhf8 22. Kf1 Bd4 23. Re4 Rxd5 24. Rxf4 Rxf4 25. Bxf4 Bxb2 26. Re1 Kd7 27.
Rb1 Bd4 28. Rxb7 Bb6 29. Bxc7 Kc6 30. Rb8 Kxc7 31. Rh8 Rd7 32. g4 Rf7 33. f3 Rxf3+
34. Kg2 Rf7 35. Kg3 Kd7 36. h4 Bc7+ 37. Kg2 Ke6 38. Kh3 Kf6 39. Ra8 a5 40. Ra6+
Ke5 41. Ra7 Rf3+ 42. Kg2 Rc3 43. h5 Kf4 44. hxg6 hxg6 45. Ra6 g5 0-1

[Event "III Miedzynarodowy Memorial Ireny Warakomskiej - Open B"]
[Site "Suwalki"]
[Date "2019.08.12"]
[Round "5.46"]
[White "Plesiuk, Jan "]
[Black "Mazurek, Jakub "]
[Result "1/2-1/2"]
[WhiteTitle ""]
[BlackTitle ""]
[WhiteElo "1695"]
[BlackElo "1605"]

1. d4 d5 2. Bf4 Bf5 3. e3 e6 4. Nf3 Bd6 5. Bg3 Nf6 6. Ne5 Nbd7 7. c4 Ne4 8. Qa4
c6 9. f4 Bxe5 10. dxe5 Ndc5 11. Qa3 Nxg3 12. hxg3 Ne4 13. Nc3 Nxg3 14. Rh2 Nxf1
15. Kxf1 dxc4 16. Rd1 Bd3+ 17. Kf2 Qe7 18. Qxe7+ Kxe7 19. e4 b5 20. Ke3 h6 21.
g4 b4 22. Ne2 Rhd8 23. Nd4 Rac8 24. Rhd2 a6 25. Rc1 c5 26. Nf3 f5 27. exf6+ gxf6
28. Rh1 f5 29. exf5 exf5 30. Rxh6 fxg4 31. Ne5 Rd6 32. Rxd6 Kxd6 33. Nxg4 Ke6
34. Ne5 Bb1 35. Rh2 c3 36. bxc3 bxc3 37. Rh1 c2 38. Kd2 Rd8+ 39. Kc1 Rd1+ 40.
Rxd1 cxd1=Q+ 41. Kxd1 Bxa2 42. Kc2 Kd5 43. Kc3 a5 44. Nd3 a4 45. Kb2 Bc4 46. Nxc5
Kxc5 47. f5 Kb4 48. f6 1/2-1/2

[Event "III Miedzynarodowy Memorial Ireny Warakomskiej - Open B"]
[Site "Suwalki"]
[Date "2019.08.12"]
[Round "6.1"]
[White "Wojdak, Jan"]
[Black "Gawronski, Miroslaw"]
[Result "0-1"]
[WhiteTitle ""]
[BlackTitle ""]
[WhiteElo "1913"]
[BlackElo "2076"]

1. e4 c6 2. d4 d5 3. Nc3 a6 4. Nf3 Bg4 5. e5 e6 6. Be2 Nd7 7. Ng5 Bf5 8. f4 c5
9. Be3 cxd4 10. Bxd4 h6 11. Nf3 Ne7 12. Bd3 Rc8 13. O-O Nc5 14. Bxc5 Rxc5 15.
Nd4 Bxd3 16. Qxd3 g6 17. Nce2 Qb6 18. c3 h5 19. a4 h4 20. b4 Rc4 21. a5 Qa7 22.
Kh1 Nf5 23. Nxf5 gxf5 24. Rad1 Qb8 25. Nd4 Qc8 26. Rf3 Be7 27. Re1 Rg8 28. Qd2
Rg4 29. h3 Rg8 30. Rfe3 Qc7 31. Qd3 b6 32. axb6 Qxb6 33. Nxf5 exf5 34. e6 f6 35.
Qxf5 Qc6 36. Rd1 d4 37. Re4 Kd8 38. Rdxd4+ Rxd4 39. Rxd4+ Kc8 40. Qd5 Qxd5 41.
Rxd5 Rg3 42. Rd7 Bd8 43. c4 Re3 44. Kg1 Rxe6 45. Rd4 a5 46. bxa5 Bxa5 47. Kf1
Be1 48. Rd1 Bg3 49. Rb1 Kc7 50. f5 Re5 51. Rc1 Kc6 52. Rb1 Re4 53. Rc1 Kc5 54.
Rd1 Kxc4 55. Rc1+ Kd4 56. Rd1+ Ke5 57. Rb1 Kxf5 58. Rb5+ Kf4 59. Rb1 f5 60. Ra1
Kg5 61. Rb1 Kh5 62. Rc1 Rb4 63. Ra1 Kg5 64. Rc1 Kf4 65. Ra1 Rb2 66. Ra4+ Ke3 67.
Ra1 Rd2 68. Kg1 Ke2 69. Rc1 Bf2+ 70. Kh1 f4 71. Ra1 Rd1+ 72. Rxd1 Kxd1 73. Kh2
Ke2 74. Kh1 Kf1 75. Kh2 Bd4 0-1

[Event "III Miedzynarodowy Memorial Ireny Warakomskiej - Open B"]
[Site "Suwalki"]
[Date "2019.08.12"]
[Round "6.2"]
[White "Bogdanov, Ignat"]
[Black "Szalko, Maciej "]
[Result "1-0"]
[WhiteTitle ""]
[BlackTitle ""]
[WhiteElo "2075"]
[BlackElo "1931"]

1. d4 Nf6 2. c4 g6 3. Nc3 d5 4. Nf3 Bg7 5. e3 O-O 6. b3 c5 7. Bb2 cxd4 8. Nxd4
Qa5 9. cxd5 Nxd5 10. Qd2 Rd8 11. O-O-O Nb4 12. a3 N4c6 13. Bc4 Nxd4 14. exd4 Rxd4
15. Qe3 Nc6 16. Nd5 e5 17. Rxd4 Nxd4 18. Bxd4 b5 19. Ne7+ Kh8 20. Qxe5 Qxa3+ 21.
Kd2 Qb4+ 22. Ke3 1-0

[Event "III Miedzynarodowy Memorial Ireny Warakomskiej - Open B"]
[Site "Suwalki"]
[Date "2019.08.12"]
[Round "6.3"]
[White "Paszkowski, Krystian "]
[Black "Kowalec, Maciej"]
[Result "1/2-1/2"]
[WhiteTitle ""]
[BlackTitle ""]
[WhiteElo "1746"]
[BlackElo "2074"]

1. c4 Nf6 2. g3 g6 3. Bg2 Bg7 4. Nc3 O-O 5. e4 c5 6. Nge2 Nc6 7. O-O d6 8. d3 Rb8
9. f4 Ne8 10. Be3 a6 11. d4 cxd4 12. Nxd4 Nxd4 13. Bxd4 b5 14. c5 Bg4 15. Bf3
Bxf3 16. Rxf3 b4 17. Bxg7 Nxg7 18. Na4 dxc5 19. Qxd8 Rfxd8 20. Nxc5 Rdc8 21. Rc1
Ne6 22. Nb3 Rxc1+ 23. Nxc1 Nc5 24. e5 Rd8 25. a3 bxa3 26. bxa3 Rd1+ 27. Rf1 Rd4
28. Rf3 Rc4 29. Nb3 Ne6 30. Rd3 Rc2 31. a4 Ra2 32. a5 h5 33. h4 Kg7 34. Rd7 Rb2
35. Rd3 f6 36. Re3 fxe5 37. Rxe5 Kf7 38. Nc5 Nd4 39. Re3 Rb5 40. Nxa6 Rxa5 41.
Nb4 Nf5 42. Rf3 e5 1/2-1/2

[Event "III Miedzynarodowy Memorial Ireny Warakomskiej - Open B"]
[Site "Suwalki"]
[Date "2019.08.12"]
[Round "6.4"]
[White "Zurkowski, Andrzej "]
[Black "Duda, Lukasz "]
[Result "1-0"]
[WhiteTitle ""]
[BlackTitle ""]
[WhiteElo "2071"]
[BlackElo "1847"]

1. d4 Nf6 2. Nf3 e6 3. g3 b5 4. Bg2 Bb7 5. O-O Be7 6. Nbd2 O-O 7. c3 d6 8. a4 a6
9. Qc2 c5 10. e4 Nbd7 11. e5 Nd5 12. Ne4 cxd4 13. exd6 Bf6 14. cxd4 Rc8 15. Qe2
Qb6 16. axb5 axb5 17. Bd2 Rc2 18. Qd3 Rc4 19. Ba5 Qc6 20. b3 Nb4 21. Qd2 Qxe4
22. bxc4 Nc2 23. Ne1 Nxd4 24. Bxe4 Bxe4 25. Qe3 Nc5 26. Bb6 Bg5 27. Qxd4 1-0

[Event "III Miedzynarodowy Memorial Ireny Warakomskiej - Open B"]
[Site "Suwalki"]
[Date "2019.08.12"]
[Round "6.6"]
[White "Hrymowicz, Artur "]
[Black "Flis, Pawel"]
[Result "1-0"]
[WhiteTitle ""]
[BlackTitle ""]
[WhiteElo "2064"]
[BlackElo "1925"]

1. e4 c5 2. Nf3 d6 3. d4 cxd4 4. Nxd4 Nf6 5. Nc3 a6 6. Be3 e6 7. Be2 Nbd7 8. O-O
b5 9. a4 b4 10. Nc6 Qc7 11. Nxb4 d5 12. Nba2 dxe4 13. Qd4 Bb7 14. Rfd1 Be7 15.
b4 O-O 16. b5 Rfc8 17. Rab1 Bc5 18. Qd2 Bxe3 19. Qxe3 Ne5 20. Qg3 Ned7 21. Rd4
e5 22. Rc4 Qa5 23. Nb4 Rxc4 24. Bxc4 axb5 25. axb5 Qc7 26. Bb3 Qc5 27. Qe3 Qd4
28. h3 Rc8 29. Ne2 Qc5 30. Qxc5 Nxc5 31. Ba2 Kf8 32. Kf1 Nfd7 33. c4 f5 34. Nc3
Nd3 35. Ncd5 N7c5 36. Nb6 Rc7 37. g3 f4 38. N4d5 Rf7 39. h4 f3 40. Ne3 g6 41.
Nbd5 h5 42. g4 Bc8 43. g5 1-0

[Event "III Miedzynarodowy Memorial Ireny Warakomskiej - Open B"]
[Site "Suwalki"]
[Date "2019.08.12"]
[Round "6.7"]
[White "Hasinski, Krystian "]
[Black "Szewczyk, Mariusz"]
[Result "0-1"]
[WhiteTitle ""]
[BlackTitle ""]
[WhiteElo "1902"]
[BlackElo "2050"]

1. c4 Nf6 2. Nc3 e5 3. g3 c6 4. Bg2 Bc5 5. e3 O-O 6. d4 exd4 7. exd4 Bb4 8. Nge2
d5 9. cxd5 Nxd5 10. O-O Be6 11. a3 Be7 12. f4 Na6 13. f5 Nxc3 14. bxc3 Bc4 15.
Rf2 Nc7 16. Nf4 Nd5 17. Nxd5 cxd5 18. Bf1 Rc8 19. Bxc4 Rxc4 20. Qb3 b6 21. Bd2
Bg5 22. Bxg5 Qxg5 23. Rf3 Qd2 24. Raf1 Rfc8 25. f6 g6 26. R1f2 Qe1+ 27. Rf1 Qe4
28. R1f2 h6 29. Qb2 Rxc3 30. Rxc3 Qe1+ 31. Kg2 Qxc3 32. Qb5 Qxd4 33. Qd7 Qe4+
34. Rf3 Rc2+ 35. Kg1 Qd4+ 0-1

[Event "III Miedzynarodowy Memorial Ireny Warakomskiej - Open B"]
[Site "Suwalki"]
[Date "2019.08.12"]
[Round "6.8"]
[White "Ocytko, Andrzej"]
[Black "Lada, Michal "]
[Result "1/2-1/2"]
[WhiteTitle ""]
[BlackTitle ""]
[WhiteElo "2047"]
[BlackElo "1928"]

1. e4 e5 2. Nf3 Nc6 3. Bc4 Bc5 4. c3 Nf6 5. d3 d6 6. O-O a6 7. Bb3 O-O 8. Re1 Ba7
9. Bg5 h6 10. Bh4 g5 11. Bg3 Bg4 12. h3 Be6 13. Nbd2 Nh5 14. Nf1 Qf6 15. Ne3 Nxg3
16. fxg3 Na5 17. Bd5 Bxd5 18. exd5 b5 19. Kh2 Bxe3 20. Rxe3 Qg6 21. g4 f5 22.
gxf5 Qxf5 23. Re4 Nc4 24. Qe2 Nb6 25. c4 bxc4 26. dxc4 Nd7 27. Nd2 Nc5 28. Rf1
Qg6 29. Rxf8+ Rxf8 30. Re3 Rf4 31. b4 Nd7 32. g3 Rf8 33. Ne4 Nf6 34. Kg2 Nxe4
35. Rxe4 Qf7 36. Re3 Rb8 37. a3 Rf8 38. Rf3 Qxf3+ 39. Qxf3 Rxf3 40. Kxf3 Kf7 41.
a4 Ke7 42. a5 Kd7 43. b5 axb5 1/2-1/2

[Event "III Miedzynarodowy Memorial Ireny Warakomskiej - Open B"]
[Site "Suwalki"]
[Date "2019.08.12"]
[Round "6.9"]
[White "Starosciak, Szymon "]
[Black "Gryczka, Wlodzimierz "]
[Result "0-1"]
[WhiteTitle ""]
[BlackTitle ""]
[WhiteElo "1762"]
[BlackElo "2045"]

1. e4 Nf6 2. e5 Nd5 3. d4 d6 4. c4 Nb6 5. exd6 exd6 6. Nc3 Be7 7. Bd3 O-O 8. Nge2
Bf6 9. O-O Nc6 10. Be3 Bg4 11. Qd2 Re8 12. b3 d5 13. c5 Nc8 14. h3 Bxe2 15. Nxe2
N8e7 16. b4 a6 17. a3 Qd7 18. Rfd1 Nf5 19. Bxf5 Qxf5 20. Ng3 Qg6 21. Qd3 Ne7 22.
Qxg6 hxg6 23. Kf1 Bh4 24. Bf4 c6 25. Ne2 Bf6 26. g4 g5 27. Bg3 Ng6 28. a4 Re4
29. Ra2 Nf4 30. Bxf4 gxf4 31. Rd3 g5 32. Kg2 Kh7 33. Kf3 Kg6 34. Rd1 Rae8 35.
Rad2 R4e7 36. Rb2 Bg7 37. h4 f5 38. Rd3 fxg4+ 39. Kxg4 Rxe2 40. b5 0-1

[Event "III Miedzynarodowy Memorial Ireny Warakomskiej - Open B"]
[Site "Suwalki"]
[Date "2019.08.12"]
[Round "6.10"]
[White "Chojnowski, Marcin "]
[Black "Szczygiel, Konrad"]
[Result "1/2-1/2"]
[WhiteTitle ""]
[BlackTitle ""]
[WhiteElo "2038"]
[BlackElo "1896"]

1. d4 Nf6 2. Nf3 e6 3. c4 b6 4. e3 Bb7 5. Bd3 Be7 6. O-O O-O 7. Nc3 d5 8. cxd5
exd5 9. Qc2 Nbd7 10. b3 c5 11. Bb2 Rc8 12. Rac1 cxd4 13. Nxd4 Ne4 14. Qe2 Ndc5
15. Rfe1 Nxd3 16. Qxd3 Bf6 17. Nxe4 dxe4 18. Qe2 Rxc1 19. Rxc1 Qd7 20. h3 Rc8
21. Rxc8+ Bxc8 22. Qc4 Bb7 23. Bc3 Bxd4 24. Bxd4 Qc6 25. Qf1 Bc8 26. Qd1 Be6 27.
Qh5 f6 28. g4 Qc8 29. g5 fxg5 30. Qxg5 Qd7 31. h4 h6 32. Qe5 Bd5 33. Kh2 Qf7 34.
Qg3 Kh7 35. Kg2 Qg6 36. Qxg6+ Kxg6 37. Kg3 Kf5 38. Bxg7 h5 39. Bd4 Bb7 40. Kg2
Kg4 41. Bf6 Ba6 42. Bg5 Bd3 43. Bd8 b5 1/2-1/2

[Event "III Miedzynarodowy Memorial Ireny Warakomskiej - Open B"]
[Site "Suwalki"]
[Date "2019.08.12"]
[Round "6.11"]
[White "Furtak, Joanna "]
[Black "Mirski, Michal "]
[Result "0-1"]
[WhiteTitle ""]
[BlackTitle ""]
[WhiteElo "1893"]
[BlackElo "2038"]

1. e4 c5 2. Nf3 Nf6 3. e5 Nd5 4. Nc3 e6 5. Bc4 Nb6 6. Be2 d5 7. exd6 Bxd6 8. d4
cxd4 9. Nxd4 O-O 10. Ndb5 Be5 11. Qxd8 Rxd8 12. Be3 Nc6 13. Nxa7 Nd4 14. Bxd4
Bxd4 15. Nab5 Be5 16. O-O Bd7 17. f4 Bxb5 18. Bxb5 Bd4+ 19. Kh1 Bxc3 20. bxc3
Rdc8 21. Rfb1 Nd5 22. Bd3 Nxf4 23. c4 Ra3 24. Rb3 Rca8 25. Rg1 e5 26. g3 Rxb3
27. axb3 Nxd3 28. cxd3 Ra3 29. Rb1 f6 30. Rb2 Ra1+ 31. Kg2 Rd1 32. b4 Rxd3 33.
Ra2 Kf7 34. Ra7 Rd7 35. c5 Rc7 36. b5 Rxc5 37. Rxb7+ Kg6 38. b6 Rc2+ 39. Kh3 Rb2
40. g4 h5 41. gxh5+ Kxh5 42. Rxg7 Rxb6 43. Kg3 f5 44. Kf3 Rb3+ 45. Kg2 e4 46.
Kf2 f4 47. Kg2 Rb2+ 48. Kh3 e3 49. Rg5+ Kh6 50. Re5 Rf2 51. Kg4 e2 52. h4 f3 53.
Re6+ Kg7 54. Kf5 Rf1 55. Re7+ Kf8 0-1